000 00382nam a2200133Ia 4500
005 20251222154306.0
008 251222s9999||||xx |||||||||||||| ||spa||
020 _a978-84-205-5032-9
082 _a333.7/C87
100 _a"Craig, James R.Vaugham, David J.Skinner, Brian J."
245 0 _a"Recursos de la tierra. Origen, uso e impacto ambiental"
250 _a3a. ed.
942 _cLIB
999 _c33206
_d33206